000 00168nam a2200073Ia 4500
008 170524s9999 xx 000 0 und d
100 _aSAHAF- MA
245 0 _aMANAGEMENT ACCOUNTING
260 _bHIMALAYA
999 _c7931
_d7931